000 00330nam a22001337a 4500
008 171002b xxu||||| |||| 00| 0 eng d
020 _a9780807849897
041 _aeng
080 _a37
100 _a47
101 _aEDU
245 _aTOO BLACK MUGH IN THE ERA OF TO INTEFRATE ASK
_cHIGGINBOTHAN.E
942 _2udc
_cBK
999 _c31051
_d31051